000 01069cam a2200289 4500
001 27448
005 20230410120824.0
008 060907n2005 nyu eng
020 _a0393060543 (hardcover)
035 _9funglode27653
041 1 _aeng
_hpol
050 1 4 _aHX 36
_bK81m 2005
082 0 0 _a335.4/09
100 1 _aKolakowski, Leszek,
_d1927-2009
245 1 0 _aMain currents of Marxism :
_bthe founders, the golden age, the breakdown /
_cLeszek KoĊ‚akowski ; translated from the Polish by P.S. Falla.
260 _aNew York :
_bW.W. Norton & Company,
_c2005
300 _axxiv, 1284 p. ;
_c25 cm
500 _aOriginally published: Oxford : Clarendon Press, 1978.
500 _aThe classic text, now in one volume.
650 0 _aSocialism
_zEurope
_xHistory.
650 0 _aCommunism
_zEurope
_xHistory.
600 1 0 _aMarx, Karl,
_d1818-1883.
600 1 0 _aEngels, Friedrich,
_d1820-1895.
700 1 _aFalla, P. S.
_q(Paul Stephen),
_d1913-
856 4 1 _3Table of contents
_uhttp://www.loc.gov/catdir/toc/ecip0516/2005020823.html
942 _2lcc
_cbk
999 _c52544
_d52544